000
00204 a2200097 4500
001
7499
100
_a
Steinberg, S H
245
_a
Statesman,s Year Book
260
_a
_b
Macmillan
_c
090
_c
6001
_d
6001
942
_a
NUST-CAE
_c
M
_c
32492
999
_c
242572
_d
242572